| 000 | 00696nam a2200241 a 4500 | ||
|---|---|---|---|
| 999 |
_c121261 _d121261 |
||
| 003 | UPN | ||
| 005 | 20240228063903.0 | ||
| 008 | 070202s1994 ag r 000 0 spa d | ||
| 020 | _a9501110370 | ||
| 035 | _aUPN01000149120 | ||
| 040 |
_aUPN _bspa _cUPN |
||
| 049 | _aI | ||
| 050 | 4 |
_aPZ71 _bB8.52 |
|
| 100 | 1 |
_aButterfield, Moira _936855 |
|
| 245 | 1 | 3 |
_aEl mundo de la aventura / _cMoira Butterfield ; il. Terry Burton ; tr. Elida Colella. |
| 260 |
_a[Buenos Aires] : _bSigmar, _c[1994]. |
||
| 300 |
_a16 p. : _bil. col. |
||
| 440 | 0 | _aEntretelones | |
| 650 | 4 |
_aLibros y lectura para niƱos _92290 |
|
| 650 | 0 |
_aAventuras y aventureros _94121 |
|
| 905 | _aInfantil | ||
| 942 |
_2lcc _cLIBRO |
||